[Event "OL SüD WEST 1718 SG Turm Illingen - Hei"]
[Site "?"]
[Date "2017.10.08"]
[Round "2.4"]
[White "Biehler, Thomas"]
[Black "Philipowski, Robert"]
[Result "1-0"]
[WhiteElo "2210"]
[BlackElo "2301"]
[PlyCount "145"]
[EventDate "2017.??.??"]

1. c4 c6 2. Nf3 d5 3. g3 Nf6 4. Bg2 Bf5 5. Qb3 Qb6 6. Nc3 e6 7. d3 h6 8. O-O
Nbd7 9. cxd5 Qxb3 10. axb3 exd5 11. e4 dxe4 12. dxe4 Be6 13. Nd4 Bc5 14. Nce2
Ke7 15. Bd2 Rhd8 16. Bc3 Nf8 17. Rac1 Bb6 18. Bb4+ Ke8 19. Nf5 Bxf5 20. exf5 c5
21. Bxc5 Bxc5 22. Rxc5 Rd2 23. Nc3 Rxb2 24. Re1+ Kd8 25. Rb5 Rb8 26. Na4 Rd2
27. Rxb7 Rxb7 28. Bxb7 N8d7 29. h3 Ne8 30. g4 Nd6 31. Bf3 f6 32. Re3 h5 33. Kg2
Rd4 34. Kg3 Rb4 35. Rd3 Ke7 36. Nc3 Nb6 37. Bc6 h4+ 38. Kf3 Nf7 39. Kg2 Ne5 40.
Re3 Rxb3 41. Bb5 Rb2 42. g5 Nc8 43. Be2 Nd6 44. Nd5+ Kf7 45. Bh5+ Kf8 46. gxf6
gxf6 47. Nxf6 Ndc4 48. Re4 Ke7 49. Ng4 Kd6 50. Nxe5 Nxe5 51. Rxh4 a5 52. Rd4+
Ke7 53. Rd5 Nc4 54. Kg3 a4 55. Rc5 Nd6 56. Re5+ Kf8 57. Ra5 Rb3+ 58. Kf4 Rb4+
59. Kg5 Ne4+ 60. Kh6 Nxf2 61. Ra8+ Ke7 62. Kg7 Ne4 63. Ra7+ Kd6 64. f6 Nxf6 65.
Kxf6 Kc5 66. Bg4 Rb6+ 67. Kg7 Rb4 68. Kf6 Rd4 69. Kg5 Kb4 70. Bd7 a3 71. Ra4+
Kc5 72. Rxd4 Kxd4 73. Be6 1-0

[Event "OL SüD WEST 1718 SG Turm Illingen - Hei"]
[Site "?"]
[Date "2017.10.08"]
[Round "2.5"]
[White "Ronge, Tim Hendrik"]
[Black "Schmidt, Johannes"]
[Result "1/2-1/2"]
[WhiteElo "2103"]
[BlackElo "2148"]
[PlyCount "54"]
[EventDate "2017.??.??"]

1. d4 d5 2. c4 c6 3. Nf3 Nf6 4. Nc3 a6 5. c5 Nbd7 6. h3 Qc7 7. g3 e5 8. dxe5
Nxe5 9. Nxe5 Qxe5 10. Bf4 Qe6 11. Qd4 Ne4 12. O-O-O Be7 13. Nxe4 dxe4 14. Qxg7
Bf6 15. Bg5 Bxg5+ 16. Qxg5 f6 17. Qh5+ Ke7 18. Bg2 e3 19. b3 exf2 20. Qh6 Rf8
21. Rd4 Qf5 22. e3 Qxc5+ 23. Kb2 Bf5 24. Qf4 Qc2+ 25. Ka3 Qc5+ 26. Kb2 Qc2+ 27.
Ka3 Qc5+ 1/2-1/2

[Event "OL SüD WEST 1718 SG Turm Illingen - Hei"]
[Site "?"]
[Date "2017.10.08"]
[Round "2.6"]
[White "Kessler, Alexander"]
[Black "Roos, Thomas"]
[Result "1/2-1/2"]
[WhiteElo "1831"]
[BlackElo "2188"]
[PlyCount "81"]
[EventDate "2017.??.??"]

1. d4 Nf6 2. Nf3 d6 3. c4 Nbd7 4. Nc3 e5 5. d5 Be7 6. e4 O-O 7. Be2 Ne8 8. Qc2
g6 9. O-O f5 10. b4 a5 11. bxa5 Rxa5 12. Ne1 Bg5 13. Nd3 Bxc1 14. Raxc1 f4 15.
f3 g5 16. Nd1 h5 17. N1f2 Nef6 18. Rfe1 Rf7 19. Qc3 b6 20. Nb4 Qe8 21. Nc6 Ra8
22. a4 Nb8 23. Nxb8 Rxb8 24. a5 g4 25. Nd3 h4 26. Kh1 Kh7 27. axb6 cxb6 28. Rb1
Rbb7 29. Qa3 Qf8 30. Qa8 Rfc7 31. Qa3 h3 32. fxg4 hxg2+ 33. Kg1 Bxg4 34. Nxe5
Bxe2 35. Rxe2 Ra7 36. Qh3+ Qh6 37. Qf5+ Kg8 38. Ng4 Nxg4 39. Qxg4+ Rg7 40. Qc8+
Kh7 41. Qf5+ 1/2-1/2

[Event "OL SüD WEST 1718 SG Turm Illingen - Hei"]
[Site "?"]
[Date "2017.10.08"]
[Round "2.7"]
[White "Jahn, Peter"]
[Black "Schumacher, Christoph"]
[Result "1/2-1/2"]
[WhiteElo "2054"]
[BlackElo "2219"]
[PlyCount "29"]
[EventDate "2017.??.??"]

1. Nf3 Nf6 2. d4 g6 3. c4 Bg7 4. e3 O-O 5. Be2 b6 6. O-O Bb7 7. Nc3 d5 8. cxd5
Nxd5 9. Bd2 Nxc3 10. Bxc3 Nd7 11. Rc1 Nf6 12. b3 Ne4 13. Ba1 Rc8 14. Nd2 Nxd2
15. Qxd2 1/2-1/2

[Event "OL SüD WEST 1718 SVG Saarbrücken - Gamb"]
[Site "?"]
[Date "2017.10.08"]
[Round "2.1"]
[White "Erhardt, Michael"]
[Black "Mohammad, Samir"]
[Result "1-0"]
[WhiteElo "2096"]
[BlackElo "2350"]
[PlyCount "145"]
[EventDate "2017.??.??"]

1. e4 e5 2. Nf3 Nc6 3. Bb5 Nf6 4. O-O Nxe4 5. d4 Nd6 6. Bxc6 dxc6 7. dxe5 Nf5
8. Qxd8+ Kxd8 9. Rd1+ Ke8 10. Nc3 h6 11. b3 Ne7 12. Bb2 Bg4 13. Rd3 Rd8 14.
Rad1 Rxd3 15. Rxd3 Ng6 16. Ne2 Rg8 17. h3 Bd7 18. c4 Be7 19. Nh2 Bg5 20. Nf3
Be7 21. Nh2 Bg5 22. Nf3 Bd8 23. Nh2 h5 24. f4 Ne7 25. g4 hxg4 26. hxg4 c5 27.
Rh3 Nc6 28. Kf2 f6 29. exf6 gxf6 30. f5 Ne5 31. Re3 Kf7 32. Bxe5 fxe5 33. Nf3
Bf6 34. Nxe5+ Bxe5 35. Rxe5 Rxg4 36. Kf3 Rh4 37. Rxc5 c6 38. Ra5 a6 39. Ng3 Rd4
40. Ke3 Rg4 41. Ne4 Ke7 42. Re5+ Kf8 43. Nd6 b5 44. c5 Rg3+ 45. Kf4 Rg7 46. f6
Rg6 47. f7 Be6 48. Rh5 Ke7 49. Rh8 Bxf7 50. Rh7 Rf6+ 51. Ke5 Re6+ 52. Kd4 Rf6
53. Rxf7+ Rxf7 54. Nxf7 Kxf7 55. Ke5 Ke7 56. b4 Kd7 57. Kf6 Kc7 58. Ke7 a5 59.
bxa5 Kb7 60. Kd7 b4 61. Kd6 Ka6 62. Kxc6 Kxa5 63. Kd7 Ka4 64. c6 Ka3 65. c7
Kxa2 66. c8=Q b3 67. Qc4 Ka1 68. Qa4+ Kb2 69. Kc6 Kc3 70. Qa5+ Kc2 71. Qc5+ Kd3
72. Qb4 Kc2 73. Qc4+ 1-0

[Event "OL SüD WEST 1718 SVG Saarbrücken - Gamb"]
[Site "?"]
[Date "2017.10.08"]
[Round "2.2"]
[White "Philippe, Christophe"]
[Black "Gross, Georg"]
[Result "1-0"]
[WhiteElo "2383"]
[BlackElo "2245"]
[PlyCount "95"]
[EventDate "2017.??.??"]

1. d4 Nc6 2. Nf3 d5 3. Bf4 Bg4 4. e3 e6 5. Be2 Bd6 6. Ne5 Bxe2 7. Qxe2 Nge7 8.
Nc3 f6 9. Nxc6 Nxc6 10. Qh5+ g6 11. Qh3 Qe7 12. O-O-O Na5 13. Bxd6 Qxd6 14. e4
O-O 15. exd5 exd5 16. Qf3 c6 17. h4 Nc4 18. Nb1 a5 19. h5 g5 20. Rhe1 Rae8 21.
b3 Nb6 22. Qf5 Qd7 23. Qxd7 Nxd7 24. c4 dxc4 25. bxc4 Nb6 26. Na3 Rxe1 27. Rxe1
Rd8 28. Rd1 Kg7 29. Kc2 f5 30. Rb1 Nd7 31. Rxb7 Kh6 32. Rc7 Nb8 33. Kc3 Rd7 34.
Rc8 Rb7 35. c5 Kxh5 36. Nc4 a4 37. Na5 Rb1 38. Nxc6 Na6 39. Ra8 Nc7 40. Rxa4
Rc1+ 41. Kd2 Rg1 42. Ra7 Ne6 43. Re7 Nf4 44. g3 Nd5 45. Rxh7+ Kg6 46. Rd7 Nf6
47. Ne5+ Kh6 48. c6 1-0

[Event "OL SüD WEST 1718 SVG Saarbrücken - Gamb"]
[Site "?"]
[Date "2017.10.08"]
[Round "2.3"]
[White "Forthoffer, Patrick"]
[Black "Bastian, Herbert"]
[Result "0-1"]
[WhiteElo "2180"]
[BlackElo "2297"]
[PlyCount "82"]
[EventDate "2017.??.??"]

1. d4 Nf6 2. c4 g6 3. Nf3 Bg7 4. g3 d6 5. Bg2 O-O 6. Nc3 Nbd7 7. O-O c6 8. e4
e5 9. h3 Qc7 10. Be3 Re8 11. b3 exd4 12. Nxd4 Nc5 13. Qc2 Qe7 14. Rfe1 Bd7 15.
f3 Nh5 16. g4 Nf4 17. Rad1 Be5 18. Nce2 Nxg2 19. Kxg2 a5 20. Nc3 a4 21. b4 Ne6
22. Nde2 a3 23. f4 Bg7 24. Qd2 Bc8 25. Ng3 h5 26. gxh5 Qh4 27. f5 gxf5 28. exf5
Qxc4 29. Nce4 d5 30. Nd6 Qh4 31. fxe6 Bxe6 32. Rh1 Be5 33. Nxe8 Qxg3+ 34. Kf1
Bxh3+ 35. Rxh3 Qxh3+ 36. Qg2+ Qxg2+ 37. Kxg2 Rxe8 38. Rd3 Bb2 39. h6 Kh7 40.
Kf3 Kg6 41. Rd2 Rxe3+ 0-1

[Event "OL SüD WEST 1718 SVG Saarbrücken - Gamb"]
[Site "?"]
[Date "2017.10.08"]
[Round "2.4"]
[White "Mueller, Denis"]
[Black "Haenssel, Christian"]
[Result "1-0"]
[WhiteElo "2142"]
[BlackElo "2080"]
[PlyCount "49"]
[EventDate "2017.??.??"]

1. e4 c5 2. Nf3 d6 3. d4 cxd4 4. Nxd4 Nf6 5. Nc3 a6 6. Be3 e6 7. g4 h6 8. Bg2
Qc7 9. h4 g6 10. g5 hxg5 11. hxg5 Rxh1+ 12. Bxh1 Nfd7 13. Qe2 Ne5 14. O-O-O
Nbd7 15. f4 Nc4 16. Bg2 b5 17. e5 Nxe3 18. Qxe3 d5 19. Bxd5 exd5 20. Nxd5 Qb7
21. e6 Nb6 22. Nf6+ Ke7 23. Nf5+ gxf5 24. Qc5+ Kxe6 25. Qe5# 1-0

[Event "OL SüD WEST 1718 SVG Saarbrücken - Gamb"]
[Site "?"]
[Date "2017.10.08"]
[Round "2.5"]
[White "Dr. Vogel, Christian"]
[Black "Busche, Stefan"]
[Result "1-0"]
[WhiteElo "2185"]
[BlackElo "2040"]
[PlyCount "65"]
[EventDate "2017.??.??"]

1. Nf3 Nf6 2. g3 g6 3. b3 Bg7 4. Bb2 O-O 5. Bg2 c5 6. c4 Nc6 7. O-O d6 8. d4
cxd4 9. Nxd4 Nxd4 10. Qxd4 Qa5 11. Nc3 Ng4 12. Qd2 Rb8 13. Rad1 Qh5 14. h3 Nf6
15. Nd5 Nxd5 16. Bxg7 Kxg7 17. g4 Qh4 18. Qxd5 b6 19. f4 Bb7 20. Qd4+ Qf6 21.
Qf2 Bxg2 22. Kxg2 Rbc8 23. e4 Rc5 24. Rd3 Rfc8 25. Rf3 Qe6 26. f5 Qxe4 27. Re1
Qb7 28. Rxe7 R8c7 29. Re8 f6 30. fxg6 hxg6 31. Qh4 f5 32. Qh8+ Kf7 33. Qf8# 1-0

[Event "OL SüD WEST 1718 SVG Saarbrücken - Gamb"]
[Site "?"]
[Date "2017.10.08"]
[Round "2.6"]
[White "Pernutz, Hans-Gerhard"]
[Black "Keil, Andreas"]
[Result "1-0"]
[WhiteElo "2092"]
[BlackElo "2192"]
[PlyCount "83"]
[EventDate "2017.??.??"]

1. e4 e5 2. Nf3 Nc6 3. Bb5 d6 4. O-O Nf6 5. Re1 Be7 6. c3 O-O 7. h3 a6 8. Ba4
b5 9. Bc2 Bb7 10. d3 Re8 11. Nbd2 g6 12. Nf1 Bf8 13. Ng3 Bg7 14. a3 Nd7 15. d4
h6 16. d5 Ne7 17. a4 bxa4 18. Rxa4 Nb6 19. Ra3 Bc8 20. Bd3 f5 21. c4 a5 22. Bd2
a4 23. b4 axb3 24. Rxa8 Nxa8 25. Qxb3 Kh7 26. Ba5 fxe4 27. Bxe4 Bf5 28. Qd3 Qd7
29. Nh4 Bxe4 30. Qxe4 Bf6 31. Bd2 Kg7 32. Be3 c5 33. Rb1 Bxh4 34. Qxh4 Ng8 35.
Ne4 Nc7 36. Rb6 Ra8 37. Rxd6 Qf7 38. Nxc5 Re8 39. Rd7 Re7 40. Rxe7 Qxe7 41.
Qxe7+ Nxe7 42. d6 1-0

[Event "OL SüD WEST 1718 SVG Saarbrücken - Gamb"]
[Site "?"]
[Date "2017.10.08"]
[Round "2.7"]
[White "Etienne, Eric"]
[Black "Maass, Walter"]
[Result "0-1"]
[WhiteElo "2075"]
[BlackElo "1981"]
[PlyCount "96"]
[EventDate "2017.??.??"]

1. d4 d5 2. Bf4 Nf6 3. e3 c5 4. c3 Nc6 5. Nd2 Qb6 6. Qb3 e6 7. Ngf3 Be7 8. h3
O-O 9. Qc2 Bd7 10. Ne5 Rfc8 11. Ndf3 cxd4 12. Nxc6 bxc6 13. exd4 c5 14. Bd3 Bb5
15. Bxb5 Qxb5 16. Qe2 Qxe2+ 17. Kxe2 a5 18. Rhc1 Ra6 19. dxc5 Rxc5 20. Nd2 Bd6
21. b4 Rc8 22. Bxd6 Rxd6 23. a4 Rdc6 24. b5 Rxc3 25. Rxc3 Rxc3 26. b6 Nd7 27.
b7 Kf8 28. Rb1 Nb8 29. Nb3 Rc4 30. Rc1 Rxc1 31. Nxc1 Ke7 32. Nb3 Kd7 33. Nxa5
Kc7 34. f4 Kb6 35. Nb3 Kxb7 36. Kd3 Kb6 37. Kc3 Nc6 38. Kd3 Nb4+ 39. Kc3 Nc6
40. Kd3 f6 41. g4 e5 42. f5 Na5 43. Nc1 Nc4 44. Ne2 Nd6 45. Kc3 Ka5 46. Kb3 Ne4
47. Ka3 d4 48. Nc1 Nc5 0-1

[Event "OL SüD WEST 1718 SC Remagen Sinzi - SK"]
[Site "?"]
[Date "2017.10.08"]
[Round "2.1"]
[White "Ovsejevitsch, Sergei"]
[Black "Dgebuadze, Alexandre"]
[Result "0-1"]
[WhiteElo "2601"]
[BlackElo "2523"]
[PlyCount "39"]
[EventDate "2017.??.??"]

1. d4 e6 2. c4 Bb4+ 3. Nd2 b6 4. e4 Bb7 5. Qc2 f5 6. exf5 Nf6 7. a3 Be4 8. Qb3
Nc6 9. axb4 Nxd4 10. Qa4 Bxf5 11. Be2 Nc2+ 12. Kf1 Nxa1 13. Qxa1 a5 14. b5 O-O
15. Ngf3 c6 16. bxc6 dxc6 17. b3 b5 18. Ne5 Qb6 19. Ndf3 a4 20. bxa4 0-1

[Event "OL SüD WEST 1718 SC Remagen Sinzi - SK"]
[Site "?"]
[Date "2017.10.08"]
[Round "2.2"]
[White "Popovic, Petar"]
[Black "Kling, Felix"]
[Result "1-0"]
[WhiteElo "2450"]
[BlackElo "2230"]
[PlyCount "105"]
[EventDate "2017.??.??"]

1. e4 e5 2. Nf3 Nf6 3. Nc3 Nc6 4. Bb5 Bd6 5. d3 h6 6. Ne2 a6 7. Ba4 b5 8. Bb3
Na5 9. Ng3 Nxb3 10. axb3 O-O 11. Bd2 Re8 12. O-O Bf8 13. Bc3 d6 14. b4 Bb7 15.
Re1 g6 16. h3 Bg7 17. Nd2 Nh7 18. Nb3 Ng5 19. Bd2 Ne6 20. Be3 Rc8 21. c3 c5 22.
d4 exd4 23. cxd4 cxb4 24. Qd2 h5 25. f3 Qe7 26. Ne2 Rf8 27. Qxb4 Rc4 28. Qd2
Rfc8 29. Rec1 Rxc1+ 30. Rxc1 Rf8 31. d5 Nd8 32. Ned4 f5 33. Bg5 Bf6 34. Bxf6
Rxf6 35. Nc6 Bxc6 36. dxc6 Ne6 37. Nd4 Nc7 38. exf5 gxf5 39. Re1 Qg7 40. Qd3
Qg3 41. Re7 Nd5 42. Qb3 Kf8 43. Re2 Nc7 44. Qc3 Kf7 45. Qa5 d5 46. Qd2 Qd6 47.
Qc2 Kf8 48. Kh1 a5 49. Qd2 Ne6 50. Nxe6+ Rxe6 51. c7 Qd7 52. Rxe6 Qxe6 53. Qc3
1-0

[Event "OL SüD WEST 1718 SC Remagen Sinzi - SK"]
[Site "?"]
[Date "2017.10.08"]
[Round "2.3"]
[White "Michels, Achim"]
[Black "Polaczek, Richard"]
[Result "0-1"]
[WhiteElo "2154"]
[BlackElo "2401"]
[PlyCount "66"]
[EventDate "2017.??.??"]

1. d4 e6 2. c4 Nf6 3. Nc3 Bb4 4. Qc2 O-O 5. a3 Bxc3+ 6. Qxc3 d6 7. g3 e5 8.
dxe5 dxe5 9. Nf3 Re8 10. Bg2 Nc6 11. Be3 a5 12. O-O Qe7 13. Rad1 h6 14. h3 Bf5
15. Kh2 a4 16. Nh4 Bh7 17. Bxc6 bxc6 18. Bc1 Qe6 19. f3 Reb8 20. e4 Rb3 21. Qc2
Nd7 22. Rf2 Nc5 23. g4 Qf6 24. Nf5 Ne6 25. Rd7 Bxf5 26. exf5 Nc5 27. Rd1 Rd8
28. Kg2 Nd3 29. Re2 Qd6 30. Rf1 Qd4 31. Re4 Nf4+ 32. Kg3 Qd3 33. Qf2 Qxe4 0-1

[Event "OL SüD WEST 1718 SC Remagen Sinzi - SK"]
[Site "?"]
[Date "2017.10.08"]
[Round "2.4"]
[White "Alienkin, Aleksander"]
[Black "Karsay, Pascal"]
[Result "1-0"]
[WhiteElo "2396"]
[BlackElo "2138"]
[PlyCount "53"]
[EventDate "2017.??.??"]

1. e4 e5 2. Nf3 Nc6 3. Bb5 a6 4. Ba4 Nf6 5. Bxc6 dxc6 6. d3 Bd6 7. Nbd2 O-O 8.
Nc4 Re8 9. Bg5 h6 10. Bh4 b5 11. Ne3 Bf8 12. h3 Qd6 13. Nd2 g6 14. O-O Bg7 15.
Nb3 c5 16. Bxf6 Bxf6 17. c4 b4 18. a3 c6 19. axb4 cxb4 20. c5 Qb8 21. Nc4 Be6
22. Nb6 Ra7 23. Na5 Rc7 24. Qa4 Qd8 25. Nxc6 Qxd3 26. Nxb4 Qb5 27. Nxa6 1-0

[Event "OL SüD WEST 1718 SC Remagen Sinzi - SK"]
[Site "?"]
[Date "2017.10.08"]
[Round "2.5"]
[White "Brueckner, Eike"]
[Black "Huhndorf, Arnold"]
[Result "0-1"]
[WhiteElo "2088"]
[BlackElo "2211"]
[PlyCount "52"]
[EventDate "2017.??.??"]

1. e4 c5 2. Nf3 g6 3. d4 cxd4 4. Nxd4 Nc6 5. Be3 Bg7 6. Nc3 Nf6 7. f3 O-O 8.
Qd2 d5 9. O-O-O dxe4 10. Nxc6 Qxd2+ 11. Rxd2 bxc6 12. fxe4 Ng4 13. Nd1 Nxe3 14.
Nxe3 Be6 15. b3 Bh6 16. Rd3 f5 17. exf5 Bxf5 18. Rc3 Rad8 19. Be2 Be4 20. Kb1
Rd2 21. Re1 Rf2 22. Bc4+ Kg7 23. Ng4 Rxg2 24. Rxe4 Rd1+ 25. Kb2 Bc1+ 26. Kb1
Ba3# 0-1

[Event "OL SüD WEST 1718 SC Remagen Sinzi - SK"]
[Site "?"]
[Date "2017.10.08"]
[Round "2.6"]
[White "Murariu, Nicky"]
[Black "Bauer, Bjoern-Benny"]
[Result "0-1"]
[WhiteElo "2048"]
[BlackElo "2218"]
[PlyCount "56"]
[EventDate "2017.??.??"]

1. Nf3 c5 2. b3 d5 3. Bb2 Nf6 4. e3 e6 5. Ne5 a6 6. Be2 Bd6 7. O-O O-O 8. d3
Qc7 9. f4 Nc6 10. Nxc6 Qxc6 11. Nd2 Qc7 12. g4 d4 13. exd4 Bxf4 14. Rxf4 Qxf4
15. Nc4 cxd4 16. Bc1 Qc7 17. a4 b6 18. Bf3 Bb7 19. Ba3 Rfd8 20. Bxb7 Qxb7 21.
g5 Nd5 22. Qf3 Qc7 23. Rf1 b5 24. Nd6 b4 25. Bc1 Qxd6 26. Qxf7+ Kh8 27. Qh5 Qe5
28. Qf7 Ne3 0-1

[Event "OL SüD WEST 1718 SC Remagen Sinzi - SK"]
[Site "?"]
[Date "2017.10.08"]
[Round "2.7"]
[White "Weyerhaeuser, Joerg"]
[Black "Thoennes, Frank"]
[Result "1-0"]
[WhiteElo "2052"]
[BlackElo "2070"]
[PlyCount "105"]
[EventDate "2017.??.??"]

1. d4 Nf6 2. Nf3 e6 3. Bg5 c5 4. c3 d5 5. e3 Qb6 6. Qb3 Ne4 7. Bh4 Bd6 8. Bd3
f5 9. Ne5 c4 10. Qxb6 axb6 11. Bc2 Bxe5 12. dxe5 Nc6 13. f4 b5 14. Bxe4 fxe4
15. Na3 Ra5 16. Nc2 Bd7 17. a3 O-O 18. Kd2 h6 19. g4 g5 20. Bg3 Raa8 21. h4 Kg7
22. hxg5 hxg5 23. Rh5 gxf4 24. exf4 Rh8 25. Rah1 Rxh5 26. Rxh5 Rh8 27. Rxh8
Kxh8 28. Ke3 Kg7 29. Nd4 Nxd4 30. Kxd4 b4 31. axb4 Kg6 32. Kc5 Ba4 33. Kd6 Bd1
34. Kxe6 Bxg4+ 35. Kxd5 Kf5 36. e6 e3 37. Kd6 Bf3 38. e7 Bc6 39. Kc5 Kg4 40.
Be1 Kxf4 41. Kxc4 b5+ 42. Kc5 Be8 43. b3 Ke5 44. c4 Ke6 45. Bh4 e2 46. Kb6 Kd6
47. c5+ Kd5 48. Kc7 Ke6 49. c6 e1=Q 50. Bxe1 Kxe7 51. Kb7 Bg6 52. c7 Be4+ 53.
Kb8 1-0

[Event "OL SüD WEST 1718 SC Remagen Sinzi - SK"]
[Site "?"]
[Date "2017.10.08"]
[Round "2.8"]
[White "Busch, Raimund"]
[Black "Erlekam, Simon"]
[Result "1-0"]
[WhiteElo "2262"]
[BlackElo "1836"]
[PlyCount "49"]
[EventDate "2017.??.??"]

1. Nf3 Nf6 2. c4 g6 3. Nc3 Bg7 4. d4 d6 5. Bg5 Nbd7 6. e3 O-O 7. Qc2 c6 8. Be2
e5 9. O-O Qc7 10. b4 h6 11. Bh4 g5 12. Bg3 Nh5 13. Nxg5 hxg5 14. Bxh5 f5 15.
dxe5 dxe5 16. h3 f4 17. Bh2 fxe3 18. Ne4 exf2+ 19. Rxf2 Nf6 20. Nxg5 Bh6 21.
Rxf6 Rxf6 22. Bxe5 Bf5 23. Qc3 Qxe5 24. Qxe5 Bxg5 25. Qg3 1-0

[Event "OL SüD WEST 1718 Gambit Saarbrück - SC"]
[Site "?"]
[Date "2017.10.23"]
[Round "3.1"]
[White "Dgebuadze, Alexandre"]
[Black "Muller, Etienne"]
[Result "1-0"]
[WhiteElo "2523"]
[BlackElo "2132"]
[PlyCount "49"]
[EventDate "2017.??.??"]

1. e4 c5 2. Nc3 a6 3. Nge2 d6 4. g3 Nf6 5. Bg2 g6 6. h3 Bg7 7. d3 Nc6 8. Be3
O-O 9. Qd2 e5 10. g4 h5 11. Bg5 hxg4 12. Nd5 gxh3 13. Bxh3 Bxh3 14. Bxf6 Bxf6
15. Qh6 Bg7 16. Qxh3 f5 17. Qh7+ Kf7 18. Rg1 Ne7 19. Nxe7 Qxe7 20. Rxg6 Rg8 21.
exf5 Qf8 22. f6 Rh8 23. Rxg7+ Ke6 24. Nf4+ exf4 25. Qe4+ 1-0

[Event "OL SüD WEST 1718 Gambit Saarbrück - SC"]
[Site "?"]
[Date "2017.10.23"]
[Round "3.2"]
[White "Erhardt, Michael"]
[Black "Popovic, Petar"]
[Result "0-1"]
[WhiteElo "2096"]
[BlackElo "2450"]
[PlyCount "78"]
[EventDate "2017.??.??"]

1. e4 g6 2. d4 Bg7 3. Nc3 d6 4. Be3 a6 5. Qd2 Nd7 6. Nf3 b5 7. Bd3 c5 8. O-O
Bb7 9. a4 b4 10. Ne2 Qc7 11. c3 c4 12. Bb1 b3 13. Ng5 Ngf6 14. f4 h6 15. e5
hxg5 16. exf6 Nxf6 17. fxg5 Nd5 18. Nf4 Nxf4 19. Bxf4 e5 20. Re1 O-O 21. dxe5
dxe5 22. Bg3 Rad8 23. Qe3 Rfe8 24. Be4 Bxe4 25. Qxe4 Rd2 26. Re2 Rxe2 27. Qxe2
Qc6 28. a5 e4 29. Qe3 Bf8 30. Bf2 Qd5 31. Qd4 Qxg5 32. Qxc4 e3 33. Bg3 e2 34.
Qd3 Qc5+ 35. Kh1 Bd6 36. Re1 Bxg3 37. hxg3 Qf2 38. Qd2 Kh7 39. Kh2 Rh8 0-1

[Event "OL SüD WEST 1718 Gambit Saarbrück - SC"]
[Site "?"]
[Date "2017.10.23"]
[Round "3.3"]
[White "Polaczek, Richard"]
[Black "Gross, Georg"]
[Result "1-0"]
[WhiteElo "2401"]
[BlackElo "2245"]
[PlyCount "103"]
[EventDate "2017.??.??"]

1. d4 Nc6 2. Nf3 d5 3. e3 Bg4 4. Bb5 e6 5. Bxc6+ bxc6 6. c4 Bxf3 7. Qxf3 Bb4+
8. Bd2 Qe7 9. O-O Nf6 10. a3 Bxd2 11. Nxd2 O-O 12. Rac1 Rab8 13. Rc2 e5 14.
cxd5 exd4 15. exd4 cxd5 16. Rfc1 Rfc8 17. b4 Rb6 18. Qf5 Re6 19. Nf3 g6 20. Qf4
Re4 21. Qd2 Re6 22. Ne5 Ne4 23. Qd3 Nd6 24. Qa6 Qe8 25. Rc6 Rb8 26. Qd3 f6 27.
Nf3 Nb5 28. Rxe6 Qxe6 29. a4 Nd6 30. b5 Nc4 31. h4 Re8 32. Nd2 Nxd2 33. Qxd2
Re7 34. Qf4 Qd6 35. Qxd6 cxd6 36. Rc6 Rd7 37. a5 Kf7 38. a6 Ke7 39. Rc8 Ke6 40.
Kh2 h5 41. Kg3 Kf5 42. f3 Ke6 43. Re8+ Kf5 44. Rb8 g5 45. Rb7 gxh4+ 46. Kh3 Rd8
47. Rxa7 Rc8 48. Rh7 Rc1 49. Rxh5+ Kg6 50. Rxh4 Ra1 51. Kg3 Ra5 52. Rh8 1-0

[Event "OL SüD WEST 1718 Gambit Saarbrück - SC"]
[Site "?"]
[Date "2017.10.23"]
[Round "3.4"]
[White "Forthoffer, Patrick"]
[Black "Huhndorf, Arnold"]
[Result "0-1"]
[WhiteElo "2180"]
[BlackElo "2211"]
[PlyCount "80"]
[EventDate "2017.??.??"]

1. d4 Nf6 2. c4 c5 3. d5 g6 4. Nc3 d6 5. e4 Bg7 6. f3 O-O 7. Bg5 h6 8. Be3 e6
9. Qd2 exd5 10. cxd5 a6 11. a4 h5 12. Nge2 Nbd7 13. Nd1 Ne5 14. Nec3 Qa5 15.
Ra3 Bd7 16. Be2 Qb4 17. O-O Nc4 18. Bxc4 Qxc4 19. b3 Qb4 20. Qc1 Qa5 21. Bd2
Qc7 22. a5 Bb5 23. Nxb5 axb5 24. b4 Nd7 25. Be3 Rfc8 26. Qb1 cxb4 27. Qxb4 Qc4
28. Bd2 Bd4+ 29. Nf2 Ne5 30. Qb1 Qe2 31. Qe1 Qxe1 32. Rxe1 Rc2 33. Rd1 b4 34.
Rb3 Rxa5 35. Rxb4 Bxf2+ 36. Kxf2 Nd3+ 37. Kg3 Rxd2 38. Rxd2 Nxb4 39. Rb2 Rb5
40. Kh4 Rb6 0-1

[Event "OL SüD WEST 1718 Gambit Saarbrück - SC"]
[Site "?"]
[Date "2017.10.23"]
[Round "3.5"]
[White "Murariu, Nicky"]
[Black "Haenssel, Christian"]
[Result "0-1"]
[WhiteElo "2048"]
[BlackElo "2080"]
[PlyCount "98"]
[EventDate "2017.??.??"]

1. d4 Nf6 2. Nc3 d5 3. Nf3 g6 4. Bf4 Bg7 5. e3 Nh5 6. Bg5 h6 7. Bh4 g5 8. Ne5
Nf6 9. Bg3 Nbd7 10. h4 Nxe5 11. Bxe5 c6 12. Bd3 Be6 13. Qd2 g4 14. h5 b5 15. f3
a6 16. Ne2 c5 17. Nf4 Qc8 18. c3 c4 19. Bc2 Qd7 20. e4 Rd8 21. O-O-O Rg8 22.
Kb1 dxe4 23. Bxf6 Bxf6 24. Nxe6 Qxe6 25. Qxh6 gxf3 26. gxf3 exf3 27. Rhe1 Qd6
28. Qh7 Rg2 29. Be4 Qh2 30. Ka1 Rxb2 31. Qg8+ Kd7 32. Qg4+ Kc7 33. Bb1 Rf2 34.
h6 Qd6 35. Rf1 Rxf1 36. Rxf1 b4 37. Bc2 bxc3 38. Qxf3 Qxd4 39. Rb1 Qd5 40. Qf2
Rb8 41. Qa7+ Rb7 42. Rxb7+ Qxb7 43. Qxb7+ Kxb7 44. Kb1 Kb6 45. Ba4 Be5 46. Bd7
Kc5 47. a3 Kd4 48. Bf5 Bh8 49. Kc2 e6 0-1

[Event "OL SüD WEST 1718 Gambit Saarbrück - SC"]
[Site "?"]
[Date "2017.10.23"]
[Round "3.6"]
[White "Keil, Andreas"]
[Black "Thoennes, Frank"]
[Result "1/2-1/2"]
[WhiteElo "2192"]
[BlackElo "2070"]
[PlyCount "93"]
[EventDate "2017.??.??"]

1. c4 e5 2. Nc3 Nf6 3. g3 Bc5 4. Bg2 O-O 5. e3 Nc6 6. Nge2 d6 7. O-O Bf5 8. d4
exd4 9. exd4 Bb6 10. a3 a5 11. h3 h6 12. Be3 Re8 13. b3 Qd7 14. Kh2 Ba7 15. Qd2
Nd8 16. Rae1 c6 17. Nf4 Ne6 18. Nxe6 fxe6 19. d5 Bxe3 20. Rxe3 exd5 21. Rxe8+
Rxe8 22. cxd5 c5 23. a4 Qe7 24. Rd1 b6 25. Bf1 Qe5 26. Bd3 Bxd3 27. Qxd3 h5 28.
Kg2 h4 29. g4 Qf4 30. Qf3 Qxf3+ 31. Kxf3 Re5 32. Nb5 Ne8 33. Rd3 Kf7 34. Re3
Kf6 35. Re4 g5 36. Ke3 Ke7 37. f4 Rxe4+ 38. Kxe4 Nf6+ 39. Kf5 gxf4 40. Kxf4
Nxd5+ 41. Kg5 Ne3 42. Kxh4 d5 43. Kg3 c4 44. bxc4 Nxc4 45. Kf4 Nb2 46. Ke5 Nxa4
47. Kxd5 1/2-1/2

[Event "OL SüD WEST 1718 Gambit Saarbrück - SC"]
[Site "?"]
[Date "2017.10.23"]
[Round "3.7"]
[White "Busch, Raimund"]
[Black "Etienne, Eric"]
[Result "1-0"]
[WhiteElo "2262"]
[BlackElo "2075"]
[PlyCount "69"]
[EventDate "2017.??.??"]

1. Nf3 Nc6 2. d4 d6 3. Nc3 Nf6 4. Bg5 g6 5. Qd2 Bg7 6. d5 Nb8 7. Bh6 O-O 8.
Bxg7 Kxg7 9. e4 c6 10. Be2 Nbd7 11. O-O-O Qa5 12. Nd4 cxd5 13. exd5 Nc5 14.
Rhe1 Bd7 15. Bc4 Rfe8 16. Re3 Rac8 17. Qe2 Ng8 18. Kb1 a6 19. Ne4 Nxe4 20. Rxe4
b5 21. Bb3 Qb6 22. Qe3 Qb7 23. a3 a5 24. c3 Rc5 25. g4 Qc8 26. h3 Qd8 27. Re1
a4 28. Ba2 Kf8 29. Ka1 Nf6 30. Qh6+ Kg8 31. Rf4 Rf8 32. Rg1 Qc8 33. Nf5 Bxf5
34. gxf5 Nxd5 35. fxg6 1-0

[Event "OL SüD WEST 1718 Gambit Saarbrück - SC"]
[Site "?"]
[Date "2017.10.23"]
[Round "3.8"]
[White "Gerhard, Hans"]
[Black "Froembgen, Wolfgang"]
[Result "1/2-1/2"]
[WhiteElo "1909"]
[BlackElo "1978"]
[PlyCount "58"]
[EventDate "2017.??.??"]

1. e4 e5 2. Nf3 Nc6 3. Bb5 a6 4. Ba4 Nf6 5. O-O Be7 6. Re1 b5 7. Bb3 d6 8. h3
O-O 9. c3 Na5 10. Bc2 c5 11. d3 Nc6 12. Nbd2 Re8 13. Nf1 h6 14. Ng3 Bf8 15. Be3
Qc7 16. a4 Rb8 17. axb5 axb5 18. Nh4 Ne7 19. Qd2 Bd7 20. f4 Ra8 21. fxe5 dxe5
22. Qf2 Ng6 23. Nxg6 fxg6 24. Bxh6 Ng4 25. hxg4 gxh6 26. Rxa8 Rxa8 27. Qf6 Be8
28. Rf1 Bg7 29. Qf3 Bf7 1/2-1/2